| 000 | 00832cam a2200205 i 4500 | ||
|---|---|---|---|
| 005 | 20260121101324.0 | ||
| 008 | 250721s9999 ua gr 000 0 ara d | ||
| 020 | _a9770397792 | ||
| 082 | 1 | 4 |
_a341.55 _bم ن ش |
| 100 | 1 |
_aمنشاوي، عبد الحميد _eمؤلف. |
|
| 245 | 1 | 2 |
_aالتحكيم الدولي والداخلي : _b في المواد المدنية والتجاريةوالادارية طبقاً للقانون رقم 27 لسنة 1994 / _cعبد الحميد المنشاوي. |
| 264 | 3 | 1 |
_aالاسكندرية : _bمنشأة المعارف، _c1995. |
| 300 | _a298 صفحة. | ||
| 650 | 1 | 7 | _aالقانون الدولي. |
| 650 | 1 | 7 | _aالتحكيم. |
| 650 | 1 | 7 | _aالتحكيم الدولي. |
| 650 | 1 | 7 | _aتسويةالمنازعات. |
| 942 |
_2ddc _cBK |
||
| 999 |
_c80318 _d80318 |
||